书目信息 |
| 题名: |
C语言简明教程
|
|
| 作者: | 孟宪福 , 李盘林 编著 | |
| 分册: | ||
| 出版信息: | 北京 电子工业出版社 1996.09 |
|
| 页数: | 170页 | |
| 开本: | 26cm | |
| 丛书名: | 计算机教育丛书 | |
| 单 册: | ||
| 中图分类: | TP312C | |
| 科图分类: | ||
| 主题词: | 软件 | |
| 电子资源: | ||
| ISBN: | 7-5053-3803-X | |
| 000 | 00684nam0 2200229 45 | |
| 001 | 0454999863 | |
| 005 | 2004092315163985 | |
| 010 | @a7-5053-3803-X@d15.00CNY | |
| 100 | @a20040923d1996 km y0chiy0120 ea | |
| 101 | 0 | @achi |
| 102 | @aCN@b110000 | |
| 200 | 1 | @aC语言简明教程@AC Yu Yan Jian Ming Jiao Cheng@f孟宪福,李盘林编著@FMeng Xian Fu,Li Pan Lin Bian Zhu |
| 210 | @a北京@c电子工业出版社@d1996.09 | |
| 215 | @a170页@d26cm | |
| 225 | 2 | @a计算机教育丛书 |
| 410 | 0 | @12001 @a计算机教育丛书 |
| 606 | 0 | @a软件 |
| 690 | @aTP312C@v4 | |
| 701 | 0 | @a孟宪福@AMeng Xian Fu@4编著 |
| 701 | 0 | @a李盘林@ALi Pan Lin@4编著 |
| 801 | 0 | @aCN@bPFT@c20040923 |
| 905 | @a平顶山工学院@dTP312C@eM6162 | |
| C语言简明教程/孟宪福,李盘林编著.-北京:电子工业出版社,1996.09 |
| 170页;26cm.-(计算机教育丛书) |
| ISBN 7-5053-3803-X:15.00CNY |
| ● |
| 相关链接 |
|
|
|
正题名:C语言简明教程
索取号:TP312C/M6162
 
预约/预借
| 序号 | 登录号 | 条形码 | 馆藏地/架位号 | 状态 | 备注 |
| 1 | 396253 | 203962532 | 自科库301/301自科库 54排4列5层/ [索取号:TP312C/M6162] | 在馆 | |
| 2 | 396254 | 203962541 | 自科库301/301自科库 48排3列3层/ [索取号:TP312C/M6162] | 在馆 | |
| 3 | 396255 | 203962550 | 自科库301/301自科库 54排4列5层/ [索取号:TP312C/M6162] | 在馆 |